| 000 | 00525nam a2200181Ia 4500 | ||
|---|---|---|---|
| 008 | 220204s9999 xx 000 0 und d | ||
| 082 |
_a631.432 _bADV.19 |
||
| 100 | _aLal, R | ||
| 245 | 0 | _aSoil water and Agronomic productivity (Advances in soil science-19) | |
| 260 |
_aCRC Press _bBoca Raton _c2012 |
||
| 650 | _aSoil Moisture | ||
| 650 | _aSoil Moisture Conservation | ||
| 650 | _aSoil water management | ||
| 650 | _aWater Resources | ||
| 650 | _aWatershed management tools | ||
| 700 | _aStewart, BA | ||
| 942 | _cBK | ||
| 999 |
_c43103 _d43103 |
||